000 00718nam a2200217Ii 4500
003 JO-AjNU
008 230606s9999||||xx |||||||||||||| ||und||
020 _a978-0-19-471587-4
040 _aJO-AjNU
_beng
_erda
_cJO-AjNU
041 _aeng
050 1 4 _aPE1122.S682 2011
100 3 _aLiz,Soars تأليف/john م.مشارك/Wheeldon,Sylvia م.مشارك,
_eauthor
_93486
245 0 0 _aNew Headway Pre-Intermediate :Workbook Without Key
250 _a3 ed
264 3 1 _aNew York:Oxford University Press,2011
300 _a84p
336 _atext
_btxt
_2rdacontent
337 _aunmediated
_bn
_2rdamedia
338 _avolume
_bnc
_2rdacarrier
650 4 _aNew Headway Pre-Intermediate -Workbook Without Key
_93487
999 _aE1819
_c1819
_d1819